00742 2200169 4500245007300000020002200073100002900095700002000124650003000144005001900174260003700193041001400230084001200244300003000256500027700286336000900563 aUlysses Moore b : Peta yang HilangcBaccalario, PierdomenicohText a978-979-015-510-7 aBaccalario, Pierdomenico aBarokah Ruziati aCerita petualangan Italia a20231012104134 aJakartabErlangga for Kidsc2005 aIndonesia a873.087 a261 hlm. :cillus. 21 cm. aJanson,Julia, dan Rick telah melintasi Pintu Waktu menuju Mesir Kuno,dunia yang penuh dengan labirin. teka-teki dan rahasia.Tapi,ketika lorong yang menghubungkan kedua dunia tersebut runtuh,Julia pun kembali ke rumah,ke masa kini - dan pintu di belakangnya tertutup rapat  atext